[Event "Slow KO"]
[Site "SchemingMind.com"]
[Date "2012.07.23"]
[Round "-"]
[White "mtnewk"]
[Black "ray winteringham"]
[Result "0-1"]
[WhiteCountry "USA"]
[BlackCountry "ENG"]
[WhiteElo "1588"]
[WhiteRD "97"]
[BlackElo "1510"]
[BlackRD "50"]
[GameID "314940"]

1. d4 d5 2. c4 Nf6 3. Nc3 dxc4 4. e4 e6 5. Bxc4 Bb4 6. Bg5 h6 7. Bxf6 Qxf6 8. e5 Qe7 9. a3 Bxc3+ 10. bxc3 O-O
11. Nf3 Nc6 12. O-O b6 13. Qc2 Na5 14. Bd3 g6 15. Nd2 Bb7 16. Be4 c6 17. f4 Rac8 18. Bf3 c5 19. Bxb7 Nxb7 20. Qd3 f5
21. Nf3 c4 22. Qe2 Na5 23. Nd2 Nc6 24. Nxc4 h5 25. Nd2 Qc7 26. Nb1 Na5 27. Rf3 Qe7 28. Ra2 Nc4 29. Qc2 b5 30. Qb3 Rb8
31. Qc2 Rfc8 32. Qc1 Rc6 33. Nd2 Nb6 34. Nb1 Na4 35. Rc2 Nb6 36. Nd2 Nd5 37. c4 bxc4 38. Rxc4 Rcb6 39. Rc8+ Kh7 40. Rxb8 Rxb8
41. g3 Qd7 42. Rb3 Rc8 43. Qb2 Kh6 44. Kf2 Qa4 45. Nb1 Rc4 46. Ke2 Rxd4 47. Nc3 Nxc3+ 48. Qxc3 Qa6+ 49. Ke3 Re4+ 50. Kd2 Qe2+
51. Kc1 Qf1+ 52. Kc2 Re2+ 53. Kd3 Rf2+
0-1

[Event "Slow KO"]
[Site "SchemingMind.com"]
[Date "2012.08.27"]
[Round "-"]
[White "lemme howdt"]
[Black "mtnewk"]
[Result "0-1"]
[WhiteCountry "USA"]
[BlackCountry "USA"]
[WhiteElo "1481"]
[WhiteRD "92"]
[BlackElo "1652"]
[BlackRD "77"]
[GameID "316375"]

1. e4 c5 2. Nf3 Nc6 3. b3 d6 4. Bb5 Nf6 5. d3 g6 6. h3 Bg7 7. Bb2 O-O 8. O-O Nb8 9. Nbd2 a6 10. Bc4 e6
11. g4 b5 12. g5 Nfd7 13. Bxg7 Kxg7 14. h4 bxc4 15. Nxc4 Qc7 16. Qd2 Nc6 17. c3 Nde5 18. Ncxe5 Nxe5 19. Nxe5 dxe5 20. Qe3 Bb7
21. Rac1 Rac8 22. f3 Rfd8 23. Rc2 Rd7 24. Rd2 f5 25. c4 f4 26. Qf2 a5 27. Rfd1 Rcd8 28. Kf1 Rd6 29. Ke2 Bc8 30. Qf1 Rh8
31. Ke1 Qe7 32. Qg1 Rc6 33. Ke2 h6 34. Rf1 hxg5 35. Qxg5 Qxg5 36. hxg5 Bd7 37. Rf2 Rcc8 38. Rg2 Rh5 39. Kd1 Rch8 40. Kc2 Rh3
41. Rdf2 Rg3 42. Kd2 Rh5 43. Ke2 Rhxg5 44. Kf1 Rh5 45. Rxg3 fxg3 46. Rg2 Rh3 47. Rg1 Be8 48. Kg2 Rh2+ 49. Kxg3 Rxa2 50. Rg2 Rxg2+
51. Kxg2 Kh6 52. Kh3 Kg5 53. Kg3 a4 54. bxa4 Bxa4 55. Kf2 Kf4 56. Ke2 g5 57. Kf2 Be8
0-1

[Event "Slow KO"]
[Site "SchemingMind.com"]
[Date "2012.08.27"]
[Round "-"]
[White "mtnewk"]
[Black "lemme howdt"]
[Result "1-0"]
[WhiteCountry "USA"]
[BlackCountry "USA"]
[WhiteElo "1560"]
[WhiteRD "80"]
[BlackElo "1598"]
[BlackRD "79"]
[GameID "316376"]

1. d4 Nf6 2. c4 e6 3. Nc3 Bb4 4. e3 b6 5. Ne2 Ne4 6. Qc2 Bb7 7. a3 Nxc3 8. Nxc3 Be7 9. Bd3 Bxg2 10. Rg1 Bb7
11. Rxg7 h5 12. Bg6 Rf8 13. Bxh5 d5 14. Qh7 Kd7 15. Bxf7 dxc4 16. Qh3 Rxf7 17. Rxf7 Qg8 18. Qh7 Qg1+ 19. Kd2 Nc6 20. d5 exd5
21. Nxd5 Re8 22. Nf6+ Ke6 23. Nxe8
1-0

[Event "Slow KO"]
[Site "SchemingMind.com"]
[Date "2012.10.25"]
[Round "-"]
[White "Scooter"]
[Black "mmccaffe"]
[Result "1-0"]
[WhiteCountry "USA"]
[BlackCountry "USA"]
[WhiteElo "1769"]
[WhiteRD "52"]
[BlackElo "1643"]
[BlackRD "62"]
[GameID "319823"]

1. d4 d5 2. Nf3 Nf6 3. Bf4 e6 4. e3 Bd6 5. Bxd6 Qxd6 6. c3 c5 7. Bb5+ Bd7 8. Bxd7+ Nbxd7 9. O-O O-O 10. Nbd2 Rac8
11. Qe2 Rc7 12. Rfd1 Rfc8 13. e4 dxe4 14. Nxe4 Nxe4 15. Qxe4 Nf6 16. Qe5 Qb6 17. Rd2 cxd4 18. Qxd4 Qxd4= 19. Rxd4 Nd5 20. Rad1 h6
21. h3 a6 22. Nd2 Kf8 23. Ne4 Ke7 24. g3 Nb6 25. b3 f5 26. Nd6 Rb8 27. Re1 Kf6 28. c4 Rf8 29. Rd2 Nc8 30. f4 Nxd6
31. Rxd6 Re8 32. Kf2 Rc6 33. Rxc6 bxc6 34. Rd1 Ke7 35. Ke3 c5 36. a3 Rb8 37. Rd3 Rb7 38. g4 g6 39. gxf5 exf5 40. Kd2 a5
41. Kc3 Rc7 42. b4 cxb4+ 43. axb4 axb4+ 44. Kxb4 Rd7 45. Re3+ Kf7 46. c5
1-0

[Event "Slow KO"]
[Site "SchemingMind.com"]
[Date "2012.10.26"]
[Round "-"]
[White "mmccaffe"]
[Black "Scooter"]
[Result "1-0"]
[WhiteCountry "USA"]
[BlackCountry "USA"]
[WhiteElo "1687"]
[WhiteRD "65"]
[BlackElo "1775"]
[BlackRD "47"]
[GameID "319828"]

1. e4 c6 2. Nc3 d5 3. Nf3 dxe4 4. Nxe4 Bf5 5. Ng3 Bg6 6. Bc4 Nd7 7. O-O Ngf6 8. d3 Qc7 9. Bd2 e6 10. a3 O-O-O
11. b4 Bd6 12. b5 Bxg3 13. fxg3 Qb6+ 14. Kh1 Bh5 15. bxc6 Qxc6 16. Be3 b6 17. Bf4 Nd5 18. Ba6+
1-0

[Event "Slow KO"]
[Site "SchemingMind.com"]
[Date "2013.01.16"]
[Round "-"]
[White "Clive Everill"]
[Black "John Hamer"]
[Result "0-1"]
[WhiteCountry "CZE"]
[BlackCountry "ENG"]
[WhiteElo "1723"]
[WhiteRD "50"]
[BlackElo "2012"]
[BlackRD "65"]
[GameID "325293"]

1. Nf3 d5 2. g3 Nf6 3. Bg2 g6 4. c4 c6 5. Qa4 dxc4 6. Qxc4 Be6 7. Qc2 Bg7 8. Nc3 O-O 9. O-O Na6 10. b3 Nb4
11. Qd1 Ne4 12. Bb2 Bf5 13. Na4 Nf6 14. d3 Na6 15. Nh4 Be6 16. f4 b5 17. Nc3 Qb6+ 18. Kh1 Ng4 19. Qe1 Ne3 20. Rb1 Nxf1
21. Qxf1 Nb4 22. a3 Nc2 23. b4 Ne3 24. Qc1 a5 25. Bf3 axb4 26. axb4 Rfd8 27. Nd1 Nxd1 28. Qxd1 Ba2 29. Bxg7 Bxb1 30. Qxb1 Kxg7
31. Qb2+ Kg8 32. Kg2 Ra4 33. Be4 Rd4 34. Qc3 Raxb4 35. Nf3 Rxe4 36. dxe4 Rxe4 37. Qd3 Re3 38. Qd1 Qc5 39. Ne5 f6 40. Qd8+ Kg7
41. Nd7 Rxe2+ 42. Kf3 Qf2+ 43. Kg4 h5+
0-1

[Event "Slow KO"]
[Site "SchemingMind.com"]
[Date "2013.01.16"]
[Round "-"]
[White "John Hamer"]
[Black "Clive Everill"]
[Result "1-0"]
[WhiteCountry "ENG"]
[BlackCountry "CZE"]
[WhiteElo "2012"]
[WhiteRD "65"]
[BlackElo "1723"]
[BlackRD "50"]
[GameID "325298"]

1. b3 d5 2. Bb2 Bg4 3. h3 Bh5 4. d4 e6 5. Nf3 c5 6. Nc3 Nc6 7. e3 cxd4 8. exd4 Bxf3 9. gxf3 Nf6 10. Qd2 Bb4
11. O-O-O a6 12. Rg1 Rg8 13. a3 Bd6 14. Na4 b5 15. Nc5 Qe7 16. Qe3 Nh5 17. Kb1 Bf4 18. Qd3 g6 19. Nxa6 Rxa6 20. Qxb5 Qa7
21. Qxa6 Qxa6 22. Bxa6 Nb8 23. Bb5+ Ke7 24. c4 dxc4 25. bxc4 Bc7 26. d5 exd5 27. Rge1+ Kd8 28. Rxd5+ Kc8 29. Rc5 Kb7 30. Re7 Rc8
31. Be5 Na6 32. Bxa6+ Kxa6 33. Bxc7
1-0

[Event "Slow KO"]
[Site "SchemingMind.com"]
[Date "2013.02.05"]
[Round "-"]
[White "flammablepawn"]
[Black "Uzi Mike"]
[Result "0-1"]
[WhiteCountry "USA"]
[BlackCountry "USA"]
[WhiteElo "1876"]
[WhiteRD "104"]
[BlackElo "2400"]
[BlackRD "80"]
[GameID "326502"]

1. b4 Nf6 2. Bb2 e5 3. Bxe5 Bxb4 4. Nf3 d5 5. e3 O-O 6. Be2 Nc6 7. Bb2 Bf5 8. O-O Re8 9. d3 Qe7 10. Nbd2 Ba3
11. Bxa3 Qxa3 12. Qc1 Qc3 13. Nb3 Bd7 14. Qd2 Qxd2 15. Nbxd2 d4 16. e4 Nh5 17. Nb3 Nf4 18. Rfe1 Nxe2+ 19. Rxe2 Bg4 20. Rd2 Rad8
21. Ne1 b6 22. h3 Bh5 23. g4 Bg6 24. f4 f6 25. Nf3 Bf7 26. a3 a5 27. Kf2 Rd6 28. Re1 a4 29. Nc1 h6 30. Rde2 b5
31. Na2 Bxa2
0-1

[Event "Slow KO"]
[Site "SchemingMind.com"]
[Date "2013.02.05"]
[Round "-"]
[White "Uzi Mike"]
[Black "flammablepawn"]
[Result "1-0"]
[WhiteCountry "USA"]
[BlackCountry "USA"]
[WhiteElo "2413"]
[WhiteRD "78"]
[BlackElo "1879"]
[BlackRD "100"]
[GameID "326507"]

1. c4 e6 2. Nc3 d5 3. d4 c6 4. e3 Nf6 5. Nf3 Bb4 6. Qb3 Qa5 7. Bd2 O-O 8. Bd3 Na6 9. a3 Bxc3 10. Bxc3 Qd8
11. Rc1 Nc7 12. Bb4 Re8 13. O-O Na6 14. Be1 Rb8 15. cxd5 Bd7 16. d6 Qb6 17. Qc2 Rbc8 18. b4 Red8 19. Ne5 h6 20. f4 Be8
21. Nc4 Qb5 22. f5
1-0

[Event "Slow KO"]
[Site "SchemingMind.com"]
[Date "2013.02.12"]
[Round "-"]
[White "Greg Magne"]
[Black "Daryl Fouard"]
[Result "1-0"]
[WhiteCountry "CAN"]
[BlackCountry "USA"]
[WhiteElo "1896"]
[WhiteRD "66"]
[BlackElo "1700"]
[BlackRD "73"]
[GameID "326722"]

1. e4 c5 2. Nf3 g6 3. d4 cxd4 4. Qxd4 Nf6 5. e5 Nc6 6. Qa4 Nd5 7. Qe4 Ndb4 8. Na3 d5 9. Qf4 Bf5 10. c3 Nd3+
11. Bxd3 Bxd3 12. Ng5 Bf5 13. g4 Be6 14. Nxe6 fxe6 15. Qa4 Bg7 16. f4 O-O 17. Bd2 Bh6 18. g5 Bg7 19. Nc2 Qb6 20. Qb3 Qxb3
21. axb3 a6 22. h4 h6 23. Ke2 hxg5 24. hxg5 Kf7 25. Kf2 Rh8 26. Kg2 Rxh1= 27. Rxh1 Na5 28. Nd4 b5 29. Ra1 Nb7 30. Nxb5 Rb8
31. Nd4 a5 32. Nc6 Ra8 33. b4 a4 34. Bc1 Rc8 35. Nd4 Ra8 36. Nb5 Nd8 37. b3
1-0

[Event "Slow KO"]
[Site "SchemingMind.com"]
[Date "2013.02.12"]
[Round "-"]
[White "Daryl Fouard"]
[Black "Greg Magne"]
[Result "0-1"]
[WhiteCountry "USA"]
[BlackCountry "CAN"]
[WhiteElo "1735"]
[WhiteRD "72"]
[BlackElo "1878"]
[BlackRD "75"]
[GameID "326726"]

1. e4 c5 2. c3 Nf6 3. e5 Nd5 4. Nf3 e6 5. Bc4 Nb6 6. Bb3 c4 7. Bc2 Be7 8. d4 Nc6 9. O-O O-O 10. Nbd2 d5
11. exd6 Qxd6 12. Ne4 Qd5 13. Bf4 f5 14. Ng3 h6 15. Nh4 Bxh4 16. b3 Kh8 17. Ne2 cxb3 18. Bxb3 Qa5 19. Be5 Nxe5 20. dxe5 Qxe5
21. Re1 Qc5 22. Rc1 Bxf2+
0-1

[Event "Slow KO"]
[Site "SchemingMind.com"]
[Date "2013.03.14"]
[Round "-"]
[White "John Hamer"]
[Black "mtnewk"]
[Result "1-0"]
[WhiteCountry "ENG"]
[BlackCountry "USA"]
[WhiteElo "2093"]
[WhiteRD "65"]
[BlackElo "1653"]
[BlackRD "85"]
[GameID "328509"]

1. d4 Nf6 2. Nf3 e6 3. c4 d5 4. Nc3 Bb4 5. e3 O-O 6. Bd3 c5 7. O-O Nc6 8. cxd5 exd5 9. dxc5 Bxc5 10. b3 d4
11. Na4 Bd6 12. exd4 Be6 13. Nc5 Bxc5 14. dxc5 Qc7 15. Bb2 Qe7 16. Ng5 g6 17. Qf3 Nd5 18. Nxh7 Kxh7 19. Qh5+
1-0

[Event "Slow KO"]
[Site "SchemingMind.com"]
[Date "2013.03.13"]
[Round "-"]
[White "mtnewk"]
[Black "John Hamer"]
[Result "0-1"]
[WhiteCountry "USA"]
[BlackCountry "ENG"]
[WhiteElo "1649"]
[WhiteRD "83"]
[BlackElo "2056"]
[BlackRD "65"]
[GameID "328515"]

1. d4 d5 2. c4 Nf6 3. Nc3 e6 4. a3 Be7 5. e3 O-O 6. Bd3 a6 7. f4 c5 8. Nf3 dxc4 9. Bxc4 Nc6 10. O-O b5
11. Bb3 Bb7 12. Ne5 Qc7 13. g4 cxd4 14. exd4 Nxd4 15. g5 Bc5
0-1

[Event "Slow KO"]
[Site "SchemingMind.com"]
[Date "2013.04.20"]
[Round "-"]
[White "iwegiel"]
[Black "chesshub"]
[Result "1/2-1/2"]
[WhiteCountry "POL"]
[BlackCountry "FRA"]
[WhiteElo "1960"]
[WhiteRD "98"]
[BlackElo "2474"]
[BlackRD "72"]
[GameID "330331"]

1. e4 e5 2. Nc3 Nf6 3. g3 d5 4. exd5 Nxd5 5. Bg2 Nxc3 6. bxc3 Bd6 7. Nf3 O-O 8. O-O Nc6 9. Rb1 Re8 10. d4 Rb8
11. Nd2 Bd7 12. Nc4 Qf6 13. Be3 exd4 14. cxd4 b5 15. Nxd6 cxd6 16. d5 Ne5 17. Bxa7 Ra8 18. Bd4 Qg6 19. Bxe5 Rxe5 20. Rb2 Rae8
21. c3 Bf5 22. Rd2 f6 23. h3 Bd7 24. Kh2 Rc8 25. Qc1 Qe8 26. Qa3 Rc5 27. Qa6 Qb8 28. Rc1 Qc7 29. Qa3 Qc8 30. h4 Be8
31. Qb3 h6 32. Bf1 Bf7 33. c4 bxc4 34. Rxc4 Rexd5 35. Rxd5 Bxd5 36. Rxc5 Qxc5 37. Qb2 Be4 38. a4 Kh7 39. Bg2 Bxg2 40. Kxg2 Qc6+
41. Kf1 Qxa4 42. Qb1+ Kg8=
1/2-1/2

[Event "Slow KO"]
[Site "SchemingMind.com"]
[Date "2013.04.20"]
[Round "-"]
[White "chesshub"]
[Black "iwegiel"]
[Result "1-0"]
[WhiteCountry "FRA"]
[BlackCountry "POL"]
[WhiteElo "2449"]
[WhiteRD "74"]
[BlackElo "1945"]
[BlackRD "86"]
[GameID "330333"]

1. d4 d5 2. c4 c6 3. Nc3 Nf6 4. Nf3 a6 5. c5 Bf5 6. Bf4 Nbd7 7. e3 Nh5 8. Be5 f6 9. Bg3 e5 10. Nh4 Bg6
11. f4 Nxg3 12. hxg3 Bf7 13. Qc2 e4 14. O-O-O g6 15. Be2 Be7 16. g4 Kf8 17. f5 Kg7 18. g3 g5 19. Ng2 Qc7 20. Rh3 b6
21. cxb6 Nxb6 22. Kb1 Bd6 23. Rc1 Bxg3 24. Ne1 Bd6 25. Qd1 Qb7 26. Nc2 Rhb8 27. Ka1 Nc4 28. Rb1 Nb6 29. Qh1 Bg8 30. Rh6 Qf7
31. Qh3 Ra7 32. Rh1 Kf8 33. Qg2 a5 34. Rb1 Bb4 35. Rhh1 Qc7 36. Nd1 Na4 37. Qh3 Qb6 38. Qh6+ Ke8 39. Qxf6 Nxb2 40. Nxb4 Nxd1
41. Qxg5 Kf8 42. Bxd1 axb4 43. Rb2 c5 44. Rh6 Qa5 45. Qf6+ Ke8 46. Qe5+
1-0

[Event "Slow KO"]
[Site "SchemingMind.com"]
[Date "2013.07.21"]
[Round "-"]
[White "Till Plewe"]
[Black "Uzi Mike"]
[Result "0-1"]
[WhiteCountry "JPN"]
[BlackCountry "USA"]
[WhiteElo "2358"]
[WhiteRD "69"]
[BlackElo "2154"]
[BlackRD "82"]
[GameID "335079"]

1. d4 Nf6 2. c4 c5 3. d5 d6 4. Nc3 e5 5. e4 Be7 6. Bd3 O-O 7. h3 Bd7 8. Nf3 Qb6 9. O-O a5 10. Rb1 Na6
11. a3 Qd8 12. Ne1 Ne8 13. f4 Bf6 14. Nf3 b6 15. Qe1 Qe7 16. f5 Nec7 17. g4 Qe8 18. g5 Bd8 19. Qh4 f6 20. Kh2 fxg5
21. Bxg5 h6 22. Bxd8 Qxd8 23. Qg3 Ne8 24. Rf2 Nac7 25. Rg1 Rf7 26. Rfg2 Rb8 27. Qg6 Rf6 28. Qh5 Kf8 29. Nh4 Bc8 30. Rxg7 Nxg7
31. Ng6+ Kf7 32. Nxe5+ Kf8 33. Nc6 Nxh5
0-1

[Event "Slow KO"]
[Site "SchemingMind.com"]
[Date "2013.07.21"]
[Round "-"]
[White "Uzi Mike"]
[Black "Till Plewe"]
[Result "0-1"]
[WhiteCountry "USA"]
[BlackCountry "JPN"]
[WhiteElo "2247"]
[WhiteRD "83"]
[BlackElo "2368"]
[BlackRD "71"]
[GameID "335084"]

1. d4 Nf6 2. c4 c5 3. e3 g6 4. Nc3 Bg7 5. d5 O-O 6. e4 d6 7. Nf3 e5 8. Bg5 h6 9. Be3 Ng4 10. Bd2 f5
11. Bd3 Nd7 12. O-O f4 13. Nb5 Nb8 14. Qb3 h5 15. Be2 Nh6 16. Rac1 Nf7 17. Ne1 Nd7 18. Qd3 Nf6 19. Nc2 Nxe4 20. Qxe4 Bf5
21. Qf3 a6 22. Nba3 Bg4 23. Qd3 e4 24. Qxe4 Re8 25. Qxg6 Bxe2 26. Bxf4 Bxf1 27. Rxf1 Qf6 28. Qxf6 Bxf6 29. b3 b5
0-1

[Event "Slow KO"]
[Site "SchemingMind.com"]
[Date "2014.02.26"]
[Round "-"]
[White "Greg Magne"]
[Black "chesshub"]
[Result "0-1"]
[WhiteCountry "CAN"]
[BlackCountry "FRA"]
[WhiteElo "1934"]
[WhiteRD "85"]
[BlackElo "2469"]
[BlackRD "71"]
[GameID "348557"]

1. e4 e5 2. Nf3 Nc6 3. Bb5 a6 4. Ba4 Nf6 5. O-O Be7 6. Re1 b5 7. Bb3 d6 8. c3 O-O 9. h3 Na5 10. Bc2 c5
11. d4 Qc7 12. Nbd2 Re8 13. Nf1 g6 14. Bg5 Nc4 15. b3 Na3 16. Bd3 c4 17. bxc4 bxc4 18. Bxf6 Bxf6 19. dxe5 dxe5 20. Be2 Bb7
21. Qa4 Qc5 22. Ng3 Bc6 23. Qd1 Kg7 24. Qc1 Rad8 25. Bf1 h5 26. h4 Ba4 27. Be2 Nc2 28. Bd1 Nxe1 29. Bxa4 Nxf3+
0-1

[Event "Slow KO"]
[Site "SchemingMind.com"]
[Date "2014.02.26"]
[Round "-"]
[White "chesshub"]
[Black "Greg Magne"]
[Result "1-0"]
[WhiteCountry "FRA"]
[BlackCountry "CAN"]
[WhiteElo "2449"]
[WhiteRD "72"]
[BlackElo "1902"]
[BlackRD "86"]
[GameID "348559"]

1. d4 d5 2. c4 e6 3. Nc3 c6 4. e4 dxe4 5. Nxe4 Bb4+ 6. Bd2 Qxd4 7. Bxb4 Qxe4+ 8. Ne2 Na6 9. Bf8 Ne7 10. Bxg7 Rg8
11. Bc3 Nc5 12. Qd4 Nd3+ 13. Kd2 Nxf2 14. Qxf2 e5 15. Ng3 Rxg3 16. hxg3 Bf5 17. Kc1 O-O-O 18. b3 c5 19. Kb2 Nc6 20. Re1 Qg4
21. Be2 Qg6 22. Bh5
1-0

[Event "Slow KO"]
[Site "SchemingMind.com"]
[Date "2014.03.05"]
[Round "-"]
[White "Till Plewe"]
[Black "John Hamer"]
[Result "1-0"]
[WhiteCountry "JPN"]
[BlackCountry "ENG"]
[WhiteElo "2348"]
[WhiteRD "69"]
[BlackElo "2076"]
[BlackRD "64"]
[GameID "348888"]

1. e4 c6 2. d4 d5 3. e5 Bf5 4. Nf3 e6 5. Be2 Nd7 6. O-O Ne7 7. Be3 c5 8. c4 dxc4 9. Na3 Nd5 10. Nxc4 b5
11. Bg5 Qb8 12. Ne3 Be4 13. a4 bxa4 14. Nxd5 Bxd5 15. Qxa4 a6 16. Bc4 Bxf3 17. gxf3 cxd4= 18. Bb5 Qa7 19. Rfc1 h6 20. Qxa6 Qxa6
21. Rxa6 Rb8 22. Rb6 Ra8 23. Rb7
1-0

[Event "Slow KO"]
[Site "SchemingMind.com"]
[Date "2014.03.05"]
[Round "-"]
[White "John Hamer"]
[Black "Till Plewe"]
[Result "0-1"]
[WhiteCountry "ENG"]
[BlackCountry "JPN"]
[WhiteElo "2076"]
[WhiteRD "64"]
[BlackElo "2348"]
[BlackRD "69"]
[GameID "348889"]

1. d4 d5 2. Nf3 Nf6 3. Bg5 Ne4 4. Bf4 c5 5. e3 Qb6 6. Qc1 Nc6 7. c3 f6 8. Nbd2 g5 9. Bg3 h5 10. Nxe4 dxe4
11. dxc5 Qxc5 12. Nd4 h4 13. Bc7 e5 14. Nb5 a6 15. b4 Qd5 16. Qa3 Nxb4 17. cxb4 axb5 18. Qb2 Bg4 19. a3 Rh7 20. Ba5 Rd7
21. f3 exf3 22. h3 Bh5 23. Rc1 Rxa5 24. bxa5 Bxa3 25. Rc8+ Kf7 26. Qd2= Qxd2#
0-1